000
00282nam a2200121 a 4500
008
101213s1958|||| d
245
1
0
_a
Nauka o harmónii
_n
4
020
_c
10
260
_b
SDĽUT
_a
Bratislava
_c
1958
044
_a
xo
_c
SK
041
_a
slo
100
1
_a
Pospíšil, Juraj
999
_c
15180
_d
15180